| 000 | 00659cam a2200205 4500 | ||
|---|---|---|---|
| 001 | D15729 | ||
| 008 | 090401t1981 xxu||||| |||| 00| 0 eng d | ||
| 035 | _a(Sirsi) u24833 | ||
| 041 | _aeng | ||
| 050 | _a306.1 | ||
| 110 |
_aRoyal Institution of Chartered Surveyors _bPlanning and Development Division _9956 |
||
| 245 | _aNew housing development: the way ahead. Study day 24th November 1981 | ||
| 260 |
_aLondon _bSurveyors` Technical Services _c1981 |
||
| 300 | _a5 papers | ||
| 350 | _a0 | ||
| 520 | _aFiled in box RICS 1981/86 Papers also catalogued separately. | ||
| 710 |
_aRoyal Town Planning Institute _91206 |
||
| 942 | _n0 | ||
| 948 | _c04/03/1997 | ||
| 999 |
_c88620 _d88620 |
||